00607cam a22002171 4500001001300000003000400013005001700017008004100034010001700075035002000092040001800112042001200130050001800142110002900160245006300189260006700252300002100319650001600340650001600356999001700372sa 66004223 DLC20260227112241.0910124s1964 pk 000 0 eng  asa 66004223  a(OCoLC)24198407 aDLCcViUdDLC apremarc00aKNS17.5b19641 aPakistan.bLaw Division.10aOrders in council under the Government of India act, 1935. aKarachi :bManager of Publications, Govt. of Pakistan,c[1964] a906 p. ;c25 cm. 0aLawzIndia. 0aLawzBurma. c69290d69290